Markéta Lazarová /
Markéta Lazarová je román Vladislava Vančury. Vyšel poprvé roku 1931 v edici Pyramida jakožto její 15. svazek. Jedná se o baladickou prózu, věnovanou Jiřímu Mahenovi, který byl Vančurovým vzdáleným příbuzným. Je situována do kraje mladoboleslavského, do časů, „kdy král usiloval o bezpečnost silnic,...
Uloženo v:
| Hlavní autor: | |
|---|---|
| Médium: | E-kniha |
| Jazyk: | Czech |
| Vydáno: |
Praha :
Franz Gilles von Jilek,
2021
|
| Tagy: |
Žádné tagy |
| LEADER | 02152nam a22002297i 4500 | ||
|---|---|---|---|
| 001 | 311377 | ||
| 007 | ta | ||
| 008 | 260601s2021 xr ||||| |||| 00| 0 cze d | ||
| 020 | |a 9990003330017 | ||
| 044 | |a xr | ||
| 100 | 1 | |a Vančura, Vladislav |4 aut | |
| 245 | 1 | 0 | |a Markéta Lazarová / |c Vančura, Vladislav |
| 264 | 1 | |a Praha : |b Franz Gilles von Jilek, |c 2021 | |
| 300 | |a 1 online zdroj (112 stran) | ||
| 336 | |a text |b txt |2 rdacontent | ||
| 337 | |a bez média |b n |2 rdamedia | ||
| 338 | |a online zdroj |b cr |2 rdacarrier | ||
| 520 | 2 | |a Markéta Lazarová je román Vladislava Vančury. Vyšel poprvé roku 1931 v edici Pyramida jakožto její 15. svazek. Jedná se o baladickou prózu, věnovanou Jiřímu Mahenovi, který byl Vančurovým vzdáleným příbuzným. Je situována do kraje mladoboleslavského, do časů, „kdy král usiloval o bezpečnost silnic, maje ukrutné potíže se šlechtici, kteří si vedli doslova zlodějsky, a co je horší, kteří prolévali krev málem se chechtajíce“. Právě díky této časové a místní neurčitosti nelze považovat Markétu Lazarovou za román historický v pojetí scottovském či jiráskovském, třebaže se zcela prokazatelně odehrává v dávné minulosti, podle historiků pravděpodobně někdy v období vrcholného středověku, tj. 13. století. Děj je zasazen do oblasti nedaleko Mladé Boleslavi. Zde žijí dvě znepřátelené loupežnické rodiny – Kozlíkova a Lazarova. Kozlík si znepřátelí krále, který proti němu vyšle vojsko. Kozlík se neúspěšně pokusí o smír s Lazarem a následně vypálí jeho tvrz a zajme jeho dceru Markétu. Ta má být zaslíbena Bohu a má strávit život v klášteře, ale mezi loupežníky nalézá lásku v Kozlíkově synovi Mikoláši. | |
| 910 | |a RBIT002 | ||
| 998 | |d 333001 |a https://core.palmknihy.cz/api/books/333001/cover?qwynzw |b https://core.palmknihy.cz/api/books/333001/cover/400?qwynzw |c https://core.palmknihy.cz/api/books/333001/cover/50?qwynzw |e 2099-12-31 |g 112 |i 9990003330017 |j https://core.palmknihy.cz/api/books/333001/preview.epub |l |q 49 |r 1 |s https://www.palmknihy.cz/kniha/333001 |t ebook |y 2021 |z 1 | ||
| 999 | |d 311375 | ||